1998 College Football AP Poll - Statistics

General Stats
  • This quiz has been taken 32 times
  • The average score is 350 of 400
Answer Stats
Week Rank Team W L Conference % Correct
Preseason 5 Michigan 0 0 Big Ten
100%
Week 1 (9/7) 13 Michigan 0 1 Big Ten
100%
Week 4 (9/28) 25 Michigan 2 2 Big Ten
100%
Week 8 (10/26) 22 Michigan 5 2 Big Ten
100%
Week 9 (11/2) 22 Michigan 6 2 Big Ten
100%
Week 10 (11/9) 15 Michigan 7 2 Big Ten
100%
Week 11 (11/16) 11 Michigan 8 2 Big Ten
100%
Week 12 (11/23) 15 Michigan 8 3 Big Ten
100%
Week 13 (11/30) 15 Michigan 9 3 Big Ten
100%
Week 14 (12/7) 15 Michigan 9 3 Big Ten
100%
Postseason 12 Michigan 10 3 Big Ten
100%
Preseason 1 Ohio State 0 0 Big Ten
100%
Week 1 (9/7) 1 Ohio State 1 0 Big Ten
100%
Week 2 (9/14) 1 Ohio State 2 0 Big Ten
100%
Week 3 (9/21) 1 Ohio State 3 0 Big Ten
100%
Week 4 (9/28) 1 Ohio State 3 0 Big Ten
100%
Week 5 (10/5) 1 Ohio State 4 0 Big Ten
100%
Week 6 (10/12) 1 Ohio State 5 0 Big Ten
100%
Week 7 (10/19) 1 Ohio State 6 0 Big Ten
100%
Week 8 (10/26) 1 Ohio State 7 0 Big Ten
100%
Week 9 (11/2) 1 Ohio State 8 0 Big Ten
100%
Week 10 (11/9) 7 Ohio State 8 1 Big Ten
100%
Week 11 (11/16) 7 Ohio State 9 1 Big Ten
100%
Week 12 (11/23) 5 Ohio State 10 1 Big Ten
100%
Week 13 (11/30) 5 Ohio State 10 1 Big Ten
100%
Week 14 (12/7) 3 Ohio State 10 1 Big Ten
100%
Postseason 2 Ohio State 11 1 Big Ten
100%
Preseason 10 Tennessee 0 0 SEC
100%
Week 1 (9/7) 8 Tennessee 1 0 SEC
100%
Week 2 (9/14) 6 Tennessee 1 0 SEC
100%
Week 3 (9/21) 4 Tennessee 2 0 SEC
100%
Week 4 (9/28) 3 Tennessee 3 0 SEC
100%
Week 5 (10/5) 4 Tennessee 4 0 SEC
100%
Week 6 (10/12) 3 Tennessee 5 0 SEC
100%
Week 7 (10/19) 3 Tennessee 5 0 SEC
100%
Week 8 (10/26) 3 Tennessee 6 0 SEC
100%
Week 9 (11/2) 2 Tennessee 7 0 SEC
100%
Week 10 (11/9) 1 Tennessee 8 0 SEC
100%
Week 11 (11/16) 1 Tennessee 9 0 SEC
100%
Week 12 (11/23) 1 Tennessee 10 0 SEC
100%
Week 13 (11/30) 1 Tennessee 11 0 SEC
100%
Week 14 (12/7) 1 Tennessee 12 0 SEC
100%
Postseason 1 Tennessee 13 0 SEC
100%
Week 1 (9/7) 22 USC 1 0 Pacific-10
100%
Week 2 (9/14) 18 USC 2 0 Pacific-10
100%
Week 3 (9/21) 18 USC 3 0 Pacific-10
100%
Week 4 (9/28) 21 USC 3 1 Pacific-10
100%
Week 5 (10/5) 19 USC 4 1 Pacific-10
100%
Week 2 (9/14) 24 Alabama 2 0 SEC
95%
Week 3 (9/21) 22 Alabama 2 0 SEC
95%
Preseason 3 Florida 0 0 SEC
95%
Week 1 (9/7) 3 Florida 1 0 SEC
95%
Week 2 (9/14) 2 Florida 2 0 SEC
95%
Week 3 (9/21) 8 Florida 2 1 SEC
95%
Week 4 (9/28) 8 Florida 3 1 SEC
95%
Week 5 (10/5) 6 Florida 4 1 SEC
95%
Week 6 (10/12) 5 Florida 5 1 SEC
95%
Week 7 (10/19) 5 Florida 6 1 SEC
95%
Week 8 (10/26) 6 Florida 6 1 SEC
95%
Week 9 (11/2) 5 Florida 7 1 SEC
95%
Week 10 (11/9) 4 Florida 8 1 SEC
95%
Week 11 (11/16) 4 Florida 9 1 SEC
95%
Week 12 (11/23) 8 Florida 9 2 SEC
95%
Week 13 (11/30) 7 Florida 9 2 SEC
95%
Week 14 (12/7) 7 Florida 9 2 SEC
95%
Postseason 5 Florida 10 2 SEC
95%
Preseason 19 Georgia 0 0 SEC
95%
Week 1 (9/7) 15 Georgia 1 0 SEC
95%
Week 2 (9/14) 12 Georgia 2 0 SEC
95%
Week 3 (9/21) 13 Georgia 3 0 SEC
95%
Week 4 (9/28) 12 Georgia 3 0 SEC
95%
Week 5 (10/5) 7 Georgia 4 0 SEC
95%
Week 6 (10/12) 13 Georgia 4 1 SEC
95%
Week 7 (10/19) 11 Georgia 5 1 SEC
95%
Week 8 (10/26) 11 Georgia 6 1 SEC
95%
Week 9 (11/2) 19 Georgia 6 2 SEC
95%
Week 10 (11/9) 17 Georgia 6 2 SEC
95%
Week 11 (11/16) 14 Georgia 7 2 SEC
95%
Week 12 (11/23) 12 Georgia 8 2 SEC
95%
Week 13 (11/30) 19 Georgia 8 3 SEC
95%
Week 14 (12/7) 19 Georgia 8 3 SEC
95%
Postseason 14 Georgia 9 3 SEC
95%
Preseason 4 Nebraska 0 0 Big 12
95%
Week 1 (9/7) 4 Nebraska 2 0 Big 12
95%
Week 2 (9/14) 3 Nebraska 3 0 Big 12
95%
Week 3 (9/21) 2 Nebraska 3 0 Big 12
95%
Week 4 (9/28) 2 Nebraska 4 0 Big 12
95%
Week 5 (10/5) 2 Nebraska 5 0 Big 12
95%
Week 6 (10/12) 8 Nebraska 5 1 Big 12
95%
Week 7 (10/19) 7 Nebraska 6 1 Big 12
95%
Week 8 (10/26) 7 Nebraska 7 1 Big 12
95%
Week 9 (11/2) 14 Nebraska 7 2 Big 12
95%
Week 10 (11/9) 11 Nebraska 8 2 Big 12
95%
Week 11 (11/16) 17 Nebraska 8 3 Big 12
95%
Week 12 (11/23) 14 Nebraska 8 3 Big 12
95%
Week 13 (11/30) 13 Nebraska 9 3 Big 12
95%
Week 14 (12/7) 14 Nebraska 9 3 Big 12
95%
Postseason 19 Nebraska 9 4 Big 12
95%
Week 1 (9/7) 24 Oregon 1 0 Pacific-10
95%
Week 2 (9/14) 22 Oregon 2 0 Pacific-10
95%
Week 3 (9/21) 20 Oregon 3 0 Pacific-10
95%
Week 4 (9/28) 17 Oregon 4 0 Pacific-10
95%
Week 5 (10/5) 15 Oregon 4 0 Pacific-10
95%
Week 6 (10/12) 11 Oregon 5 0 Pacific-10
95%
Week 7 (10/19) 12 Oregon 5 1 Pacific-10
95%
Week 8 (10/26) 12 Oregon 6 1 Pacific-10
95%
Week 9 (11/2) 21 Oregon 6 2 Pacific-10
95%
Week 10 (11/9) 20 Oregon 7 2 Pacific-10
95%
Week 11 (11/16) 15 Oregon 8 2 Pacific-10
95%
Week 12 (11/23) 22 Oregon 8 3 Pacific-10
95%
Week 13 (11/30) 21 Oregon 8 3 Pacific-10
95%
Week 14 (12/7) 21 Oregon 8 3 Pacific-10
95%
Preseason 13 Penn State 0 0 Big Ten
95%
Week 1 (9/7) 9 Penn State 1 0 Big Ten
95%
Week 2 (9/14) 8 Penn State 2 0 Big Ten
95%
Week 3 (9/21) 7 Penn State 3 0 Big Ten
95%
Week 4 (9/28) 7 Penn State 3 0 Big Ten
95%
Week 5 (10/5) 13 Penn State 3 1 Big Ten
95%
Week 6 (10/12) 12 Penn State 4 1 Big Ten
95%
Week 7 (10/19) 10 Penn State 5 1 Big Ten
95%
Week 8 (10/26) 10 Penn State 5 1 Big Ten
95%
Week 9 (11/2) 9 Penn State 6 1 Big Ten
95%
Week 10 (11/9) 19 Penn State 6 2 Big Ten
95%
Week 11 (11/16) 16 Penn State 7 2 Big Ten
95%
Week 12 (11/23) 23 Penn State 7 3 Big Ten
95%
Week 13 (11/30) 22 Penn State 8 3 Big Ten
95%
Week 14 (12/7) 22 Penn State 8 3 Big Ten
95%
Postseason 17 Penn State 9 3 Big Ten
95%
Week 1 (9/7) 23 Texas 1 0 Big 12
95%
Week 9 (11/2) 20 Texas 6 2 Big 12
95%
Week 10 (11/9) 18 Texas 7 2 Big 12
95%
Week 11 (11/16) 25 Texas 7 3 Big 12
95%
Week 13 (11/30) 20 Texas 8 3 Big 12
95%
Week 14 (12/7) 20 Texas 8 3 Big 12
95%
Postseason 15 Texas 9 3 Big 12
95%
Preseason 7 UCLA 0 0 Pacific-10
95%
Week 1 (9/7) 6 UCLA 0 0 Pacific-10
95%
Week 2 (9/14) 4 UCLA 1 0 Pacific-10
95%
Week 3 (9/21) 3 UCLA 2 0 Pacific-10
95%
Week 4 (9/28) 4 UCLA 2 0 Pacific-10
95%
Week 5 (10/5) 3 UCLA 3 0 Pacific-10
95%
Week 6 (10/12) 2 UCLA 4 0 Pacific-10
95%
Week 7 (10/19) 2 UCLA 5 0 Pacific-10
95%
Week 8 (10/26) 2 UCLA 6 0 Pacific-10
95%
Week 9 (11/2) 3 UCLA 7 0 Pacific-10
95%
Week 10 (11/9) 3 UCLA 8 0 Pacific-10
95%
Week 11 (11/16) 3 UCLA 9 0 Pacific-10
95%
Week 12 (11/23) 3 UCLA 10 0 Pacific-10
95%
Week 13 (11/30) 3 UCLA 10 0 Pacific-10
95%
Week 14 (12/7) 6 UCLA 10 1 Pacific-10
95%
Postseason 8 UCLA 10 2 Pacific-10
95%
Preseason 18 Washington 0 0 Pacific-10
95%
Week 1 (9/7) 11 Washington 1 0 Pacific-10
95%
Week 2 (9/14) 9 Washington 1 0 Pacific-10
95%
Week 3 (9/21) 9 Washington 2 0 Pacific-10
95%
Week 4 (9/28) 20 Washington 2 1 Pacific-10
95%
Preseason 2 Florida State 0 0 ACC
91%
Week 1 (9/7) 2 Florida State 1 0 ACC
91%
Week 2 (9/14) 11 Florida State 1 1 ACC
91%
Week 3 (9/21) 10 Florida State 2 1 ACC
91%
Week 4 (9/28) 9 Florida State 3 1 ACC
91%
Week 5 (10/5) 8 Florida State 4 1 ACC
91%
Week 6 (10/12) 6 Florida State 5 1 ACC
91%
Week 7 (10/19) 6 Florida State 6 1 ACC
91%
Week 8 (10/26) 5 Florida State 7 1 ACC
91%
Week 9 (11/2) 6 Florida State 8 1 ACC
91%
Week 10 (11/9) 5 Florida State 9 1 ACC
91%
Week 11 (11/16) 5 Florida State 10 1 ACC
91%
Week 12 (11/23) 4 Florida State 11 1 ACC
91%
Week 13 (11/30) 4 Florida State 11 1 ACC
91%
Week 14 (12/7) 2 Florida State 11 1 ACC
91%
Postseason 3 Florida State 11 2 ACC
91%
Preseason 6 Kansas State 0 0 Big 12
91%
Week 1 (9/7) 5 Kansas State 1 0 Big 12
91%
Week 2 (9/14) 5 Kansas State 2 0 Big 12
91%
Week 3 (9/21) 5 Kansas State 3 0 Big 12
91%
Week 4 (9/28) 5 Kansas State 4 0 Big 12
91%
Week 5 (10/5) 5 Kansas State 4 0 Big 12
91%
Week 6 (10/12) 4 Kansas State 5 0 Big 12
91%
Week 7 (10/19) 4 Kansas State 6 0 Big 12
91%
Week 8 (10/26) 4 Kansas State 7 0 Big 12
91%
Week 9 (11/2) 4 Kansas State 8 0 Big 12
91%
Week 10 (11/9) 2 Kansas State 9 0 Big 12
91%
Week 11 (11/16) 2 Kansas State 10 0 Big 12
91%
Week 12 (11/23) 2 Kansas State 11 0 Big 12
91%
Week 13 (11/30) 2 Kansas State 11 0 Big 12
91%
Week 14 (12/7) 4 Kansas State 11 1 Big 12
91%
Postseason 10 Kansas State 11 2 Big 12
91%
Preseason 9 LSU 0 0 SEC
91%
Week 1 (9/7) 7 LSU 0 0 SEC
91%
Week 2 (9/14) 7 LSU 1 0 SEC
91%
Week 3 (9/21) 6 LSU 2 0 SEC
91%
Week 4 (9/28) 6 LSU 3 0 SEC
91%
Week 5 (10/5) 11 LSU 3 1 SEC
91%
Week 6 (10/12) 21 LSU 3 2 SEC
91%
Week 8 (10/26) 25 Miami 4 2 Big East
91%
Week 9 (11/2) 24 Miami 5 2 Big East
91%
Week 10 (11/9) 24 Miami 5 2 Big East
91%
Week 11 (11/16) 22 Miami 6 2 Big East
91%
Week 12 (11/23) 19 Miami 7 2 Big East
91%
Week 14 (12/7) 24 Miami 8 3 Big East
91%
Postseason 20 Miami 9 3 Big East
91%
Preseason 22 Notre Dame 0 0 Independent
91%
Week 1 (9/7) 10 Notre Dame 1 0 Independent
91%
Week 2 (9/14) 23 Notre Dame 1 1 Independent
91%
Week 3 (9/21) 23 Notre Dame 1 1 Independent
91%
Week 4 (9/28) 23 Notre Dame 2 1 Independent
91%
Week 5 (10/5) 22 Notre Dame 3 1 Independent
91%
Week 6 (10/12) 18 Notre Dame 4 1 Independent
91%
Week 7 (10/19) 18 Notre Dame 4 1 Independent
91%
Week 8 (10/26) 16 Notre Dame 5 1 Independent
91%
Week 9 (11/2) 13 Notre Dame 6 1 Independent
91%
Week 10 (11/9) 12 Notre Dame 7 1 Independent
91%
Week 11 (11/16) 10 Notre Dame 8 1 Independent
91%
Week 12 (11/23) 9 Notre Dame 9 1 Independent
91%
Week 13 (11/30) 16 Notre Dame 9 2 Independent
91%
Week 14 (12/7) 17 Notre Dame 9 2 Independent
91%
Postseason 22 Notre Dame 9 3 Independent
91%
Preseason 16 Virginia 0 0 ACC
91%
Week 1 (9/7) 12 Virginia 1 0 ACC
91%
Week 2 (9/14) 10 Virginia 2 0 ACC
91%
Week 3 (9/21) 11 Virginia 3 0 ACC
91%
Week 4 (9/28) 10 Virginia 4 0 ACC
91%
Week 5 (10/5) 9 Virginia 5 0 ACC
91%
Week 6 (10/12) 7 Virginia 5 0 ACC
91%
Week 7 (10/19) 16 Virginia 5 1 ACC
91%
Week 8 (10/26) 15 Virginia 6 1 ACC
91%
Week 9 (11/2) 12 Virginia 7 1 ACC
91%
Week 10 (11/9) 21 Virginia 7 2 ACC
91%
Week 11 (11/16) 18 Virginia 8 2 ACC
91%
Week 12 (11/23) 16 Virginia 8 2 ACC
91%
Week 13 (11/30) 14 Virginia 9 2 ACC
91%
Week 14 (12/7) 13 Virginia 9 2 ACC
91%
Postseason 18 Virginia 9 3 ACC
91%
Preseason 25 Auburn 0 0 SEC
86%
Week 1 (9/7) 16 Colorado 1 0 Big 12
86%
Week 2 (9/14) 15 Colorado 2 0 Big 12
86%
Week 3 (9/21) 15 Colorado 3 0 Big 12
86%
Week 4 (9/28) 15 Colorado 4 0 Big 12
86%
Week 5 (10/5) 14 Colorado 5 0 Big 12
86%
Week 6 (10/12) 19 Colorado 5 1 Big 12
86%
Week 7 (10/19) 17 Colorado 6 1 Big 12
86%
Week 8 (10/26) 24 Colorado 6 2 Big 12
86%
Week 6 (10/12) 25 Georgia Tech 4 1 ACC
86%
Week 7 (10/19) 20 Georgia Tech 5 1 ACC
86%
Week 8 (10/26) 23 Georgia Tech 5 2 ACC
86%
Week 9 (11/2) 23 Georgia Tech 6 2 ACC
86%
Week 10 (11/9) 22 Georgia Tech 6 2 ACC
86%
Week 11 (11/16) 21 Georgia Tech 7 2 ACC
86%
Week 12 (11/23) 17 Georgia Tech 8 2 ACC
86%
Week 13 (11/30) 12 Georgia Tech 9 2 ACC
86%
Week 14 (12/7) 12 Georgia Tech 9 2 ACC
86%
Postseason 9 Georgia Tech 10 2 ACC
86%
Preseason 23 Michigan State 0 0 Big Ten
86%
Preseason 14 Texas A&M 0 0 Big 12
86%
Week 1 (9/7) 18 Texas A&M 0 1 Big 12
86%
Week 2 (9/14) 17 Texas A&M 1 1 Big 12
86%
Week 3 (9/21) 17 Texas A&M 2 1 Big 12
86%
Week 4 (9/28) 18 Texas A&M 3 1 Big 12
86%
Week 5 (10/5) 18 Texas A&M 4 1 Big 12
86%
Week 6 (10/12) 10 Texas A&M 5 1 Big 12
86%
Week 7 (10/19) 8 Texas A&M 6 1 Big 12
86%
Week 8 (10/26) 8 Texas A&M 7 1 Big 12
86%
Week 9 (11/2) 7 Texas A&M 8 1 Big 12
86%
Week 10 (11/9) 6 Texas A&M 9 1 Big 12
86%
Week 11 (11/16) 6 Texas A&M 10 1 Big 12
86%
Week 12 (11/23) 6 Texas A&M 10 1 Big 12
86%
Week 13 (11/30) 10 Texas A&M 10 2 Big 12
86%
Week 14 (12/7) 8 Texas A&M 11 2 Big 12
86%
Postseason 11 Texas A&M 11 3 Big 12
86%
Week 3 (9/21) 21 Virginia Tech 3 0 Big East
86%
Week 4 (9/28) 19 Virginia Tech 4 0 Big East
86%
Week 5 (10/5) 17 Virginia Tech 4 0 Big East
86%
Week 6 (10/12) 14 Virginia Tech 5 0 Big East
86%
Week 7 (10/19) 23 Virginia Tech 5 1 Big East
86%
Week 8 (10/26) 20 Virginia Tech 6 1 Big East
86%
Week 9 (11/2) 15 Virginia Tech 7 1 Big East
86%
Week 10 (11/9) 16 Virginia Tech 7 1 Big East
86%
Week 11 (11/16) 23 Virginia Tech 7 2 Big East
86%
Week 12 (11/23) 20 Virginia Tech 8 2 Big East
86%
Week 13 (11/30) 25 Virginia Tech 8 3 Big East
86%
Postseason 23 Virginia Tech 9 3 Big East
86%
Preseason 20 Wisconsin 0 0 Big Ten
86%
Week 1 (9/7) 17 Wisconsin 1 0 Big Ten
86%
Week 2 (9/14) 14 Wisconsin 2 0 Big Ten
86%
Week 3 (9/21) 14 Wisconsin 3 0 Big Ten
86%
Week 4 (9/28) 13 Wisconsin 4 0 Big Ten
86%
Week 5 (10/5) 12 Wisconsin 5 0 Big Ten
86%
Week 6 (10/12) 9 Wisconsin 6 0 Big Ten
86%
Week 7 (10/19) 9 Wisconsin 7 0 Big Ten
86%
Week 8 (10/26) 9 Wisconsin 8 0 Big Ten
86%
Week 9 (11/2) 8 Wisconsin 8 0 Big Ten
86%
Week 10 (11/9) 8 Wisconsin 9 0 Big Ten
86%
Week 11 (11/16) 13 Wisconsin 9 1 Big Ten
86%
Week 12 (11/23) 10 Wisconsin 10 1 Big Ten
86%
Week 13 (11/30) 8 Wisconsin 10 1 Big Ten
86%
Week 14 (12/7) 9 Wisconsin 10 1 Big Ten
86%
Postseason 6 Wisconsin 11 1 Big Ten
86%
Preseason 24 Arizona 0 0 Pacific-10
82%
Week 1 (9/7) 21 Arizona 1 0 Pacific-10
82%
Week 2 (9/14) 16 Arizona 2 0 Pacific-10
82%
Week 3 (9/21) 16 Arizona 3 0 Pacific-10
82%
Week 4 (9/28) 14 Arizona 4 0 Pacific-10
82%
Week 5 (10/5) 10 Arizona 5 0 Pacific-10
82%
Week 6 (10/12) 16 Arizona 5 1 Pacific-10
82%
Week 7 (10/19) 14 Arizona 6 1 Pacific-10
82%
Week 8 (10/26) 13 Arizona 7 1 Pacific-10
82%
Week 9 (11/2) 10 Arizona 8 1 Pacific-10
82%
Week 10 (11/9) 9 Arizona 9 1 Pacific-10
82%
Week 11 (11/16) 8 Arizona 10 1 Pacific-10
82%
Week 12 (11/23) 7 Arizona 10 1 Pacific-10
82%
Week 13 (11/30) 6 Arizona 11 1 Pacific-10
82%
Week 14 (12/7) 5 Arizona 11 1 Pacific-10
82%
Postseason 4 Arizona 12 1 Pacific-10
82%
Preseason 8 Arizona State 0 0 Pacific-10
82%
Week 1 (9/7) 14 Arizona State 0 1 Pacific-10
82%
Week 4 (9/28) 22 Arkansas 3 0 SEC
82%
Week 5 (10/5) 20 Arkansas 4 0 SEC
82%
Week 6 (10/12) 17 Arkansas 5 0 SEC
82%
Week 7 (10/19) 15 Arkansas 6 0 SEC
82%
Week 8 (10/26) 14 Arkansas 6 0 SEC
82%
Week 9 (11/2) 11 Arkansas 7 0 SEC
82%
Week 10 (11/9) 10 Arkansas 8 0 SEC
82%
Week 11 (11/16) 9 Arkansas 8 1 SEC
82%
Week 12 (11/23) 13 Arkansas 8 2 SEC
82%
Week 13 (11/30) 11 Arkansas 9 2 SEC
82%
Week 14 (12/7) 11 Arkansas 9 2 SEC
82%
Postseason 16 Arkansas 9 3 SEC
82%
Preseason 17 Syracuse 0 0 Big East
82%
Week 1 (9/7) 19 Syracuse 0 1 Big East
82%
Week 2 (9/14) 13 Syracuse 1 1 Big East
82%
Week 3 (9/21) 12 Syracuse 2 1 Big East
82%
Week 4 (9/28) 11 Syracuse 2 1 Big East
82%
Week 5 (10/5) 24 Syracuse 2 2 Big East
82%
Week 6 (10/12) 23 Syracuse 3 2 Big East
82%
Week 7 (10/19) 21 Syracuse 4 2 Big East
82%
Week 8 (10/26) 17 Syracuse 4 2 Big East
82%
Week 9 (11/2) 15 Syracuse 5 2 Big East
82%
Week 11 (11/16) 24 Syracuse 6 3 Big East
82%
Week 12 (11/23) 21 Syracuse 7 3 Big East
82%
Week 13 (11/30) 18 Syracuse 8 3 Big East
82%
Week 14 (12/7) 18 Syracuse 8 3 Big East
82%
Postseason 25 Syracuse 8 4 Big East
82%
Preseason 11 West Virginia 0 0 Big East
82%
Week 1 (9/7) 20 West Virginia 0 1 Big East
82%
Week 2 (9/14) 19 West Virginia 0 1 Big East
82%
Week 3 (9/21) 19 West Virginia 1 1 Big East
82%
Week 4 (9/28) 16 West Virginia 2 1 Big East
82%
Week 5 (10/5) 16 West Virginia 3 1 Big East
82%
Week 6 (10/12) 15 West Virginia 4 1 Big East
82%
Week 7 (10/19) 13 West Virginia 4 1 Big East
82%
Week 8 (10/26) 21 West Virginia 4 2 Big East
82%
Week 1 (9/7) 25 Missouri 1 0 Big 12
77%
Week 2 (9/14) 21 Missouri 2 0 Big 12
77%
Week 3 (9/21) 25 Missouri 2 1 Big 12
77%
Week 4 (9/28) 23 Missouri 2 1 Big 12
77%
Week 5 (10/5) 21 Missouri 3 1 Big 12
77%
Week 6 (10/12) 20 Missouri 4 1 Big 12
77%
Week 7 (10/19) 19 Missouri 5 1 Big 12
77%
Week 8 (10/26) 18 Missouri 5 2 Big 12
77%
Week 9 (11/2) 18 Missouri 6 2 Big 12
77%
Week 10 (11/9) 13 Missouri 7 2 Big 12
77%
Week 11 (11/16) 19 Missouri 7 3 Big 12
77%
Week 12 (11/23) 24 Missouri 7 4 Big 12
77%
Week 13 (11/30) 24 Missouri 7 4 Big 12
77%
Week 14 (12/7) 23 Missouri 7 4 Big 12
77%
Postseason 21 Missouri 8 4 Big 12
77%
Week 2 (9/14) 20 NC State 2 0 ACC
77%
Week 5 (10/5) 23 NC State 3 1 ACC
77%
Preseason 12 North Carolina 0 0 ACC
77%
Week 6 (10/12) 22 Texas Tech 6 0 Big 12
73%
Week 7 (10/19) 25 Texas Tech 6 1 Big 12
73%
Week 2 (9/14) 25 Mississippi State 2 0 SEC
68%
Week 7 (10/19) 24 Mississippi State 5 1 SEC
68%
Week 12 (11/23) 25 Mississippi State 7 3 SEC
68%
Week 13 (11/30) 23 Mississippi State 8 3 SEC
68%
Week 14 (12/7) 25 Mississippi State 8 4 SEC
68%
Postseason 24 Purdue 9 4 Big Ten
59%
Week 3 (9/21) 23 Air Force 3 0 WAC
45%
Week 9 (11/2) 25 Air Force 7 1 WAC
45%
Week 10 (11/9) 23 Air Force 8 1 WAC
45%
Week 11 (11/16) 20 Air Force 9 1 WAC
45%
Week 12 (11/23) 18 Air Force 10 1 WAC
45%
Week 13 (11/30) 17 Air Force 10 1 WAC
45%
Week 14 (12/7) 16 Air Force 11 1 WAC
45%
Postseason 13 Air Force 12 1 WAC
45%
Preseason 15 Colorado State 0 0 WAC
45%
Week 5 (10/5) 25 Tulane 4 0 C-USA
41%
Week 6 (10/12) 24 Tulane 4 0 C-USA
41%
Week 7 (10/19) 22 Tulane 5 0 C-USA
41%
Week 8 (10/26) 19 Tulane 6 0 C-USA
41%
Week 9 (11/2) 15 Tulane 7 0 C-USA
41%
Week 10 (11/9) 14 Tulane 8 0 C-USA
41%
Week 11 (11/16) 12 Tulane 9 0 C-USA
41%
Week 12 (11/23) 11 Tulane 10 0 C-USA
41%
Week 13 (11/30) 9 Tulane 11 0 C-USA
41%
Week 14 (12/7) 10 Tulane 11 0 C-USA
41%
Postseason 7 Tulane 12 0 C-USA
41%
Week 10 (11/9) 25 Wyoming 8 1 WAC
23%
Preseason 21 Southern Miss 0 0 C-USA
18%
No matching quizzes found
Score Distribution
Percent of People with Each Score
Percentile by Number Answered
Your Score History
You have not taken this quiz